| 000 | 01320 a2200217 4500 | ||
|---|---|---|---|
| 003 | Nust | ||
| 005 | 20170207153620.0 | ||
| 010 | _a 2009929885 | ||
| 020 | _a1435498836 | ||
| 040 | _cNust | ||
| 082 | _a005.8 | ||
| 100 | 1 | _aPhilips, Amelia. | |
| 245 | 1 | 0 |
_aGuide to computer forensics and investigations / _cAmelia Philips, Bill Nelson, Chris Steuart. |
| 250 | _a4th Ed. | ||
| 260 |
_aBoston, MA : _bCengage Learning, _c2009. |
||
| 300 | _ap. cm. | ||
| 500 | _aComputer Forensics And Investigation Processes (Page-1),Understanding Computing Investigations (Page-27), The Investigator's Office And Laboratory (Page-71), Data Acquisitions (Page-99), | ||
| 505 |
_aProcessing Crime And Incident Scenes (Page-149), Working With Windows And DOS Systems (Page-197),Current Computer Forensics Tools (Page-259), Macintosh And Linux Boot Processes And File Systems (Page-297), _gComputer Forensics Analysis (Page-345), Recovering Graphics Files (Page-381), Virtual Machines, Network Forensics, And Live Acquisitions (Page-423), E-Mail Investigations (Page-451), |
||
| 511 | _aCell Phone And Mobile Device Forensics (Page-495), Report Writing For High-Tech Investigations (Page-515), Expert Testimony In High-Tech Investigations (Page-541), Ethics And High-Tech Investigations (Page-575) | ||
| 538 | _aAlmirah No.8 Shelf No.5 | ||
| 942 |
_2ddc _cBK |
||
| 999 |
_c189507 _d189507 |
||